Java : an introduction to problem solving & programming /
Guardado en:
| Autor Principal: | |
|---|---|
| Otros Autores: | |
| Formato: | Libro |
| Idioma: | English |
| Publicado: |
Upper Saddle River, N.J. :
Pearson/Prentice Hall,
c2008.
|
| Edición: | 5th ed. |
| Materias: | |
| Acceso en línea: | Table of contents only |
| Etiquetas: |
Agregar Etiqueta
Sin Etiquetas, Sea el primero en etiquetar este registro!
|
| LEADER | 00890cam a2200253 a 4500 | ||
|---|---|---|---|
| 001 | DCC.dcic001039 | ||
| 008 | 071126s2008####njua##########001#0#eng## | ||
| 005 | 20151130145007.0 | ||
| 245 | 1 | 0 | |a Java : |b an introduction to problem solving & programming / |c Walter Savitch, Frank M. Carrano. |
| 250 | |a 5th ed. | ||
| 260 | |a Upper Saddle River, N.J. : |b Pearson/Prentice Hall, |c c2008. | ||
| 300 | |a xxix, 899 p. : |b col. il. ; |c 24 cm. | ||
| 500 | |a Incluye índice. | ||
| 020 | |a 9780136130888 (pbk.) | ||
| 020 | |a 0136130887 (pbk.) | ||
| 100 | 1 | |a Savitch, Walter J., |d 1943- | |
| 700 | 1 | |a Carrano, Frank M. | |
| 082 | 0 | 0 | |a 005.13/3 |2 22 |
| 650 | 0 | |a Java (Computer program language) | |
| 010 | |a 2007048425 | ||
| 040 | |a DLC |c DLC |d DLC | ||
| 050 | 0 | 0 | |a QA76.73.J38 |b S27 2008 |
| 856 | 4 | 1 | |3 Table of contents only |u http://www.loc.gov/catdir/toc/ecip085/2007048425.html |
| 859 | |a DCIC |b BIB. COMPUTACION |p 2006 | ||
